[Event "World Team-ch Women 2019"]
[Site "Astana"]
[Date "2019.03.13"]
[Round "8.1"]
[White "Tan, Zhongyi"]
[Black "Abrahamyan, Tatev"]
[Result "1-0"]
[WhiteElo "2513"]
[BlackElo "2377"]
[Annotator "TA"]
[PlyCount "57"]
[EventDate "2019.02.05"]
[EventType "team-tourn"]
[EventCountry "KAZ"]
[SourceTitle "playchess.com"]
[Source "ChessBase"]
[SourceQuality "1"]
[WhiteTeam "China"]
[BlackTeam "United States"]
[WhiteTeamCountry "CHN"]
[BlackTeamCountry "USA"]

{[%evp 21,57,36,20,25,27,22,29,25,41,14,30,4,18,9,59,39,47,49,56,54,218,209,207,212,314,304,362,357,608,631,624,601,837,826,981,960,1370,1353]} 1. d4 Nf6 2. c4 e6 3. g3 c5 4. d5 exd5 5. cxd5 g6 6. Nc3 Bg7 7. Bg2 O-O 8. Nf3 d6 9. O-O a6 10. a4 Re8 11. Bf4 Nh5 12. Bg5 {A62: Modern Benoni: Fianchetto Variation without early ...Nbd7} Qc7 13. Re1 (13. Qd2 Nd7 14. Rfc1 b6 15. Rab1 Ndf6 16. Nh4 Ng4 17. h3 Ne5 18. b3 f6 19. Be3 f5 {0-1 (45) Jumabayev,R (2611)-Zhigalko,S (2671) Doha 2016}) 13... Nd7 14. e4 {White has an edge.} Rb8 15. g4 Nhf6 {[#]} 16. e5 $146 ({Predecessor:} 16. h3 h6 17. Bf4 g5 18. Bg3 Nh7 19. Qd2 Nhf8 {1-0 (47) Pessoa,F (2524)-Robleto,O (2344) ICCF email 2015}) 16... dxe5 17. d6 $36 {[%mdl 2048] White has good play.} Qd8 18. Nd5 {[%mdl 1024] White has compensation.} h6 19. Bh4 g5 {Threatens to win with ...Nxd5.} 20. Ne7+ $1 Kf8 $2 (20... Rxe7 $14 21. dxe7 Qxe7) 21. Bg3 $18 Ng8 {[#]} 22. Nd5 $1 ({Weaker is} 22. Bxe5 Bxe5 23. Nxe5 Nxe5 $11) 22... Re6 (22... b6 $142 23. Nc7 e4 24. Nxe8 Qxe8) 23. Nc7 Rg6 24. Qd3 Nb6 $2 (24... b6 25. Qxg6 {[%mdl 64] Remove Defender} (25. Nxa6 Bxa6 26. Qxa6 Rxd6 $14) 25... fxg6) 25. Nxe5 {White is clearly winning.} Bxe5 26. Rxe5 Bd7 27. Rae1 Nf6 28. Re7 Bxg4 29. Qb3 {[%mdl 64] Double Attack. Accuracy: White = 60%, Black = 38%.} 1-0

[Event "World Team-ch Women 2019"]
[Site "Astana"]
[Date "2019.03.13"]
[Round "8.2"]
[White "Yip, Carissa"]
[Black "Huang, Qian"]
[Result "1/2-1/2"]
[WhiteElo "2279"]
[BlackElo "2441"]
[Annotator "TA"]
[PlyCount "64"]
[EventDate "2019.02.05"]
[EventType "team-tourn"]
[EventCountry "KAZ"]
[SourceTitle "playchess.com"]
[Source "ChessBase"]
[SourceQuality "1"]
[WhiteTeam "United States"]
[BlackTeam "China"]
[WhiteTeamCountry "USA"]
[BlackTeamCountry "CHN"]

{[%evp 9,64,31,38,9,12,0,0,0,0,0,0,0,24,-14,-1,-14,-28,-38,-23,-39,-34,-23,-23,-71,-63,-71,0,0,2,0,116,97,90,101,83,37,134,49,56,21,155,162,179,10,18,18,18,13,14,9,14,-1,-1,-10,-1,-1,-2]} 1. e4 c5 2. Nf3 d6 3. d4 cxd4 4. Nxd4 Nf6 5. Nc3 a6 6. h4 {B90: Sicilian Najdorf: Unusual White 6th moves, 6 Be3 Ng4 and 6 Be3 e5} (6. Be2 e6 7. f4 Be7 8. g4 d5 9. e5 Nfd7 10. g5 Qb6 11. a3 h6 12. Be3 hxg5 13. f5 Nxe5 14. Nxe6 Qxe3 15. Nxd5 Nf3+ 16. Kf1 Nd2+ 17. Ke1 Nf3+ 18. Kf1 Nd2+ 19. Ke1 Nf3+ {½-½ (19) Mamedyarov,S (2817)-Fedoseev,V (2724) Wijk aan Zee 2019}) 6... e5 7. Nb3 Be7 8. Bg5 Be6 9. Bxf6 Bxf6 10. g3 Be7 11. Bh3 O-O $1 12. Bxe6 $146 ({Predecessor:} 12. Nd5 Nd7 13. Qd3 Nb6 {½-½ (49) Haznedaroglu,K (2472)-Yilmaz,M (2624) Ankara 2018}) 12... fxe6 13. Qg4 Rf6 14. O-O-O Nc6 15. f4 b5 16. a3 Qc8 $1 17. Rhf1 {[#]} b4 (17... a5 $1 $17) 18. axb4 $11 {[%mdl 64] Overworked Piece} Nxb4 19. fxe5 {[%mdl 64] Discovered Attack} dxe5 (19... Rxf1 $1 $11 20. Rxf1 dxe5) 20. Rxf6 $16 {[%mdl 64] Overworked Piece} Bxf6 21. Rd6 Kf7 22. Qd1 {Threatens to win with Na4.} Ra7 ({Better is} 22... Be7 $14) 23. Na4 ({White should play} 23. Rb6 $16 Nc6 24. Nc5) 23... Be7 $1 $14 {[%cal Re7d6]} 24. Rd2 Qc6 (24... Kg8 $11) 25. Qh5+ $16 Kg8 {[#]} 26. Qxe5 $2 ({White should try} 26. Nbc5 $1 $18 {[%mdl 512]}) 26... Qxc2+ $1 $11 {[%mdl 64] Remove Defender. The position is equal.} 27. Rxc2 Nd3+ 28. Kb1 Nxe5 29. Nac5 Kf7 30. Nd4 Bxc5 31. Rxc5 Rd7 32. Rxe5 Rxd4 {Accuracy: White = 45%, Black = 61%.} 1/2-1/2

[Event "World Team-ch Women 2019"]
[Site "Astana"]
[Date "2019.03.13"]
[Round "8.3"]
[White "Lei, Tingjie"]
[Black "Foisor, Sabina-Francesca"]
[Result "1-0"]
[WhiteElo "2477"]
[BlackElo "2276"]
[Annotator "TA"]
[PlyCount "81"]
[EventDate "2019.02.05"]
[EventType "team-tourn"]
[EventCountry "KAZ"]
[SourceTitle "playchess.com"]
[Source "ChessBase"]
[SourceQuality "1"]
[WhiteTeam "China"]
[BlackTeam "United States"]
[WhiteTeamCountry "CHN"]
[BlackTeamCountry "USA"]

{[%evp 31,81,-20,-19,-15,0,0,15,4,42,43,47,36,35,20,28,-15,0,0,0,0,0,0,0,0,0,0,0,0,0,0,139,155,150,145,194,188,413,406,417,401,691,691,637,617,1505,1499,1303,1177,29983,29983,29981,29979]} 1. e4 e5 2. Nf3 Nc6 3. Bb5 a6 4. Ba4 Nf6 5. O-O Be7 6. Re1 b5 7. Bb3 O-O 8. c3 d6 9. h3 Nb8 10. d4 Nbd7 11. Nbd2 Bb7 12. Bc2 Re8 13. Nf1 Bf8 14. Ng3 g6 15. d5 c6 16. dxc6 Bxc6 17. Bg5 {C92: Closed Ruy Lopez: 9...Be6, Karpov and Flohr-Zaitsev Variations} (17. a4 Nc5 18. axb5 axb5 19. Bg5 h6 20. Rxa8 Bxa8 21. Bd2 Bc6 22. b4 Ncd7 23. Qc1 Kh7 24. Bb3 d5 25. exd5 Bxd5 26. Bxd5 Nxd5 {½-½ (61) Sergeyeva,M (2332)-Pascua,H (2443) Bangkog 2018}) 17... Nc5 18. Qd2 Bb7 $146 ({Predecessor:} 18... Bd7 19. Rad1 Ne6 20. Bh6 Be7 21. Bb3 Nc5 22. Bc2 Be6 {0-1 (44) Linczer,J (2194)-Rozsnyai,T (2172) Hungary 2005}) 19. Rad1 {The position is equal.} Ne6 20. Bh6 Bxh6 21. Qxh6 Qe7 22. a4 Red8 23. Qe3 Nc5 24. a5 Rac8 25. Rd2 Rc7 26. Red1 Rcd7 27. b4 Ne6 28. Bb3 Nf4 29. c4 bxc4 30. Bxc4 d5 (30... Rc7 $11 {keeps the balance.} 31. Bf1 Ne6) 31. exd5 $16 N4xd5 32. Qxe5 Qxb4 33. Bxd5 $1 Rxd5 $2 (33... Nxd5 {might work better.} 34. Ne4 f6 35. Nxf6+ Nxf6) 34. Qxf6 $18 ({Not} 34. Rxd5 Rxd5 35. Rxd5 Nxd5 $11) 34... Rxd2 35. Nxd2 Rxd2 (35... Qd4 $142 36. Qxd4 Rxd4) 36. Re1 {White threatens Re8+ and mate.} Qf8 {[#]} 37. Nf5 $1 {[%mdl 512] White wants to mate with Re8!} gxf5 38. Qg5+ Kh8 39. Qxd2 f6 40. Qd7 Be4 41. Rc1 {Precision: White = 72%, Black = 34%.} 1-0

[Event "World Team-ch Women 2019"]
[Site "Astana"]
[Date "2019.03.13"]
[Round "8.4"]
[White "Wu, Rochelle"]
[Black "Ding, Yixin"]
[Result "1/2-1/2"]
[WhiteElo "2120"]
[BlackElo "2432"]
[Annotator "TA"]
[PlyCount "73"]
[EventDate "2019.02.05"]
[EventType "team-tourn"]
[EventCountry "KAZ"]
[SourceTitle "playchess.com"]
[Source "ChessBase"]
[SourceQuality "1"]
[WhiteTeam "United States"]
[BlackTeam "China"]
[WhiteTeamCountry "USA"]
[BlackTeamCountry "CHN"]

{[%evp 18,73,37,26,31,30,34,29,31,31,31,28,23,22,28,19,27,26,31,30,24,29,31,26,25,0,0,28,0,0,0,0,0,3,46,18,20,-10,0,-15,0,0,0,0,8,5,0,-30,-22,-21,-14,-20,0,0,0,0,0,0]} 1. d4 Nf6 2. c4 e6 3. Nc3 d5 4. cxd5 exd5 5. Bg5 Be7 6. e3 c6 7. Bd3 O-O 8. Nge2 h6 {D35: Queen's Gambit Declined: Exchange Variation} (8... Re8 9. Qc2 Nbd7 10. O-O Nf8 11. f3 Ng6 12. e4 dxe4 13. fxe4 Ng4 14. Bd2 c5 15. Nd5 cxd4 16. Nxd4 Qd6 17. g3 Bd7 18. Bb4 Qe5 19. Nf3 Qe6 20. Nd4 Qe5 21. Nf3 Qh5 22. Bxe7 Nxe7 {0-1 (38) Dzagnidze,N (2513)-Muzychuk,M (2540) St Petersburg 2018}) 9. Bf4 Bd6 10. Qc2 {LiveBook: 6 Games} Bxf4 {White has an edge.} 11. Nxf4 Qd6 12. O-O Nbd7 13. f3 Re8 14. Rae1 Nf8 15. Qf2 $146 ({Predecessor:} 15. Qd2) 15... Bd7 16. Qg3 {Black must now prevent Nfxd5.} Qb4 17. Re2 Ne6 18. a3 Qb6 19. Nxe6 Bxe6 20. Na4 Qd8 21. Nc5 b6 22. Nxe6 Rxe6 23. Rc1 Qe7 24. Rce1 Re8 25. Bf5 Rd6 26. b4 g6 27. Bd3 Kg7 28. h3 Re6 29. e4 Nh5 30. Qg4 $1 Qg5 31. Qxg5 hxg5 32. Re3 Nf4 33. Bf1 {The position is equal.} dxe4 34. Rxe4 Rd8 35. Rxe6 Nxe6 36. Bc4 Kf6 37. Bxe6 $1 {Precision: White = 60%, Black = 59%.} 1/2-1/2

[Event "World Team-ch Women 2019"]
[Site "Astana"]
[Date "2019.03.13"]
[Round "8.5"]
[White "Kosteniuk, Alexandra"]
[Black "Hoang, Thanh Trang"]
[Result "1-0"]
[WhiteElo "2545"]
[BlackElo "2454"]
[Annotator "TA"]
[PlyCount "103"]
[EventDate "2019.02.05"]
[EventType "team-tourn"]
[EventCountry "KAZ"]
[SourceTitle "playchess.com"]
[Source "ChessBase"]
[SourceQuality "1"]
[WhiteTeam "Russia"]
[BlackTeam "Hungary"]
[WhiteTeamCountry "RUS"]
[BlackTeamCountry "HUN"]

{[%evp 16,103,12,0,0,0,0,2,9,0,0,10,31,20,29,38,42,36,66,26,43,34,44,4,14,14,7,0,35,0,32,0,25,-7,30,32,38,38,36,33,29,27,42,41,52,38,34,31,105,77,77,77,76,72,77,55,39,35,35,35,109,108,235,235,248,244,237,204,346,335,422,410,481,445,457,454,427,409,710,689,755,766,1087,1082,1688,1672,1653,1597,1423,1342]} 1. e4 e6 2. d4 d5 3. Nc3 Nf6 4. e5 Nfd7 5. f4 c5 6. Nf3 Nc6 7. Be3 a6 8. Qd2 b5 {[%cal Bb7b5,Bb5b4,Bb4b3,Bb3c2][%mdl 32]} 9. Qf2 {[%cal Rd4c5]} Qa5 {C11: French: Classical System: 4 e5 and 4 Bg5 dxe4} 10. Be2 b4 11. Nd1 b3+ {The position is equal.} 12. Nc3 ({Much worse is} 12. Bd2 {[#]} Qxa2 $1 {[%mdl 512]} 13. Rc1 (13. Rxa2 $2 bxa2 14. f5 exf5 $19) 13... bxc2 $17) 12... bxc2 {[#] ...Rb8 is the strong threat.} 13. Rc1 $1 Bb7 $146 ({Predecessor:} 13... Rb8 14. Rxc2 Nb4 15. Rd2 Nxa2 16. Nxa2 Qxa2 17. O-O {1-0 (28) Mitkov,N (2482)-Wheeler,C (2284) Las Vegas 2014}) 14. O-O cxd4 15. Nxd4 Nxd4 16. Bxd4 Bc5 17. Rxc2 Bxd4 18. Qxd4 Qb6 19. Rd1 Qxd4+ 20. Rxd4 Ke7 21. Rb4 Rab8 22. b3 Rhd8 23. Bf1 f6 24. Ne2 Rdc8 (24... fxe5 {is interesting.} 25. fxe5 Rbc8 26. Nc3 Bc6 27. Bxa6 Ra8) 25. Rxc8 Bxc8 26. Rxb8 Nxb8 $11 {[%mdl 4096] Endgame KBN-KBN} 27. Nd4 g5 28. g3 fxe5 29. fxe5 Nd7 30. Nc6+ Ke8 31. Be2 Nc5 ({Black should try} 31... Bb7 $14 32. Bh5+ Kf8) 32. Kf2 Bd7 33. Nd4 a5 34. Ke3 Ke7 35. Bd1 Be8 36. Bc2 h6 37. a3 Na6 ({Black should play} 37... Nb7 $14) 38. Kd2 $16 h5 (38... Kd7 $16) 39. h4 $18 gxh4 40. gxh4 Nc5 41. Ke3 Kf7 (41... Kd8 {might work better.} 42. b4 axb4) 42. Kf4 Nd7 43. Bd1 Ke7 44. Nc6+ Kf8 45. Nxa5 Nc5 46. Ke3 Bg6 (46... Ne4 $142 47. Nb7 Nc3) 47. b4 {[%cal Bb3b4,Bb4b5][%mdl 32] White is clearly winning.} Nd7 48. Kd4 Ke7 49. Nc6+ Ke8 50. b5 Nb6 51. Kc5 Nd7+ 52. Kd6 {Accuracy: White = 76%, Black = 38%.} 1-0

[Event "World Team-ch Women 2019"]
[Site "Astana"]
[Date "2019.03.13"]
[Round "8.6"]
[White "Gara, Ticia"]
[Black "Gunina, Valentina"]
[Result "0-1"]
[WhiteElo "2324"]
[BlackElo "2515"]
[Annotator "TA"]
[PlyCount "74"]
[EventDate "2019.02.05"]
[EventType "team-tourn"]
[EventCountry "KAZ"]
[SourceTitle "playchess.com"]
[Source "ChessBase"]
[SourceQuality "1"]
[WhiteTeam "Hungary"]
[BlackTeam "Russia"]
[WhiteTeamCountry "HUN"]
[BlackTeamCountry "RUS"]

{[%evp 9,74,5,0,0,0,0,0,0,10,6,14,22,14,-26,-18,-23,-25,-25,-32,-26,-26,-34,-29,-59,-47,-54,-59,-71,-82,-72,-76,-90,-102,-221,-201,-192,-152,-165,-165,-207,-206,-475,-447,-375,-49,-253,-253,-482,-466,-594,-592,-551,-391,-382,-385,-776,-296,-931,-922,-1439,-1325,-5517,-5481,-29987,-29988,-29992,-29993]} 1. Nf3 d5 2. d4 Nf6 3. g3 c6 4. c4 Bf5 5. Nc3 e6 6. Nh4 {D11: Slav Defence: 3 Nf3 sidelines and 3...Nf6 4 e3 Bg4} dxc4 7. Nxf5 exf5 8. e3 {The position is equal.} Bd6 $146 ({Predecessor:} 8... Nbd7 9. Qf3 g6 10. Bxc4 Nb6 11. Bb3 Bd6 12. h3 h5 {0-1 (29) Halkias,S (2552)-Inarkiev,E (2693) Sitges 2018}) 9. Bxc4 O-O 10. O-O Nbd7 {[%cal Bb8d7,Bd7b6,Bb6d5][%mdl 32]} 11. b3 Nb6 12. Be2 Bb4 13. Bb2 Bxc3 14. Bxc3 Nbd5 15. Bb2 Re8 16. Qd3 Ne4 17. Bf3 Qg5 18. Bg2 Re6 19. Rae1 Rae8 20. Re2 h5 21. h4 (21. f3 $17 Nxg3 22. hxg3) 21... Qe7 22. Bh3 g5 {[%cal Bg7g5,Bg5h4][%mdl 32]} 23. Bxf5 gxh4 24. Bxe6 Qxe6 25. Kg2 $2 {[#]} (25. Bc1 Qh3 26. Rb2) 25... hxg3 $19 26. f3 Nf2 $2 (26... Ng5 $19 {( -> ...Qh3+)} 27. Bc1 Qh3+ 28. Kg1 Qh4) 27. Rfxf2 $2 (27. Rexf2 $1 $15 gxf2 28. Rh1) 27... gxf2 28. Kxf2 $2 (28. Qe4 Nxe3+ 29. Kxf2 Nd1+ 30. Kg1 Qxe4 31. fxe4 Nxb2 32. Rxb2) 28... Qh3 29. Bc1 {intending e4.} Re6 30. Ke1 {and the idea Rf2 leaves White hopeful.} Qxf3 31. Rf2 Qg3 32. Ke2 $2 {[#]} (32. Kf1 Qh3+ 33. Ke2) 32... Re4 $2 (32... Nf4+ 33. Rxf4 Qxf4) 33. Qc4 $2 (33. Qxe4 Nc3+ {[%mdl 64] Double Attack} 34. Kf1 Nxe4 35. Rg2) 33... h4 {[%cal Bh5h4,Bh4h3][%mdl 32]} 34. Bd2 h3 35. Qc2 Qg4+ 36. Kf1 Rxe3 37. Qc1 Rg3 {Accuracy: White = 20%, Black = 76%.} 0-1

[Event "World Team-ch Women 2019"]
[Site "Astana"]
[Date "2019.03.13"]
[Round "8.7"]
[White "Goryachkina, Aleksandra"]
[Black "Terbe, Julianna"]
[Result "1-0"]
[WhiteElo "2504"]
[BlackElo "2306"]
[Annotator "TA"]
[PlyCount "81"]
[EventDate "2019.02.05"]
[EventType "team-tourn"]
[EventCountry "KAZ"]
[SourceTitle "playchess.com"]
[Source "ChessBase"]
[SourceQuality "1"]
[WhiteTeam "Russia"]
[BlackTeam "Hungary"]
[WhiteTeamCountry "RUS"]
[BlackTeamCountry "HUN"]

{[%evp 26,81,10,22,18,11,33,33,34,22,78,69,77,39,74,61,61,59,60,58,67,60,67,67,52,52,68,69,83,68,70,60,241,218,233,228,232,205,484,477,513,493,607,605,603,604,580,555,497,852,702,730,1456,1472,1374,1228,1181,1128]} 1. d4 d5 2. c4 c6 3. Nf3 Nf6 4. Nc3 dxc4 5. a4 Bf5 6. e3 e6 7. Bxc4 Bb4 8. O-O Nbd7 9. Qe2 Bg6 10. e4 O-O 11. Bd3 Bh5 12. e5 Nd5 13. Nxd5 cxd5 14. Qe3 {aiming for Ng5.} Re8 {D19: Slav Defence: 5 a4 Bf5 6 e3: Main line with 9 Qe2} (14... Be7 15. Ng5 Bxg5 16. Qxg5 Bg6 17. Qxd8 Rfxd8 18. Be2 Nb8 19. Be3 Nc6 20. Rfc1 Rdc8 21. Rc3 Nb4 22. Raa3 a5 {½-½ (38) Radjabov,T (2748)-Mamedov,R (2704) Shamkir 2018}) 15. Ng5 {Strongly threatening Qh3.} Bg6 16. Bxg6 fxg6 {White is slightly better.} 17. a5 (17. Qh3 {looks sharper.} Nf8 18. Qd3 Rc8 19. Be3 h6 20. Nh3) 17... h6 {[#]} (17... Rc8 $11 {remains equal.}) 18. Qb3 $1 $16 Bf8 $1 19. Nf3 $146 ({Predecessor:} 19. Nh3 Qc8 20. Qg3 Qc2 21. Nf4 Kh7 22. Qh3 {1-0 (51) Yankelevich,L (2416)-Keller,P (2248) Hofheim 2016}) 19... Rb8 20. Bd2 Be7 21. Rfc1 Nf8 22. Rc2 Qd7 23. Rac1 $36 {[%mdl 2048] Black must now prevent Rc7. White has some pressure.} Rec8 24. h4 Rxc2 25. Qxc2 Qb5 26. g3 Kf7 27. Ne1 b6 28. b4 {[%cal Bb2b4,Bb4b5][%mdl 32]} Rb7 $2 {[#]} ({Better is} 28... Bd8 $14) 29. a6 $1 $18 {[%cal Ra6b7]} Rd7 30. Qd3 Qxd3 31. Nxd3 Ke8 $2 (31... b5 {keeps fighting.} 32. Rc8 Rd8) 32. b5 {White is clearly winning.} Kd8 33. Nb4 Nh7 34. Nc6+ Ke8 35. Nxe7 Kxe7 {[%mdl 4096] Endgame KRB-KRN} 36. Rc8 Rd8 37. Rc7+ (37. Bb4+ $142 Kd7 38. Rc6) 37... Rd7 38. Rb7 g5 {[#]} 39. Ba5 $1 {[%mdl 512]} bxa5 40. b6 axb6 41. Rxd7+ {Accuracy: White = 75%, Black = 37%.} 1-0

[Event "World Team-ch Women 2019"]
[Site "Astana"]
[Date "2019.03.13"]
[Round "8.8"]
[White "Havanecz, Bianka"]
[Black "Girya, Olga"]
[Result "0-1"]
[WhiteElo "2270"]
[BlackElo "2456"]
[Annotator "TA"]
[PlyCount "66"]
[EventDate "2019.02.05"]
[EventType "team-tourn"]
[EventCountry "KAZ"]
[SourceTitle "playchess.com"]
[Source "ChessBase"]
[SourceQuality "1"]
[WhiteTeam "Hungary"]
[BlackTeam "Russia"]
[WhiteTeamCountry "HUN"]
[BlackTeamCountry "RUS"]

{[%evp 12,66,4,0,5,19,15,16,18,16,22,0,39,1,5,14,7,-61,-52,-81,-92,-100,-90,-112,-106,-133,-129,-127,-137,-131,-126,-133,-119,-142,-58,-87,-87,-87,-62,-123,-123,-123,-130,-123,-123,-133,-127,-131,-131,-295,-256,-551,-491,-2079,-2044,-29997,-29998]} 1. d4 Nf6 2. c4 e6 3. Nc3 Bb4 4. Qc2 d5 5. cxd5 exd5 6. Bg5 h6 7. Bh4 Nc6 {Threatens to win with ...g5. E35: Nimzo-Indian: Classical: 4...d5 5 cxd5 exd5} 8. e3 g5 9. Bg3 h5 {The position is equal.} 10. Bb5 h4 11. Be5 Rh6 12. h3 Bd7 $146 {[%mdl 2048] Black has the initiative.} ({Predecessor:} 12... Ne4 13. Nge2 Bf5 14. Qb3 Bxc3+ 15. Nxc3 Nxc3 16. bxc3 {0-1 (58) Sjugirov,S (2663)-Yu,Y (2764) St Petersburg 2018}) 13. Bxc6 Bxc6 14. Nf3 (14. Nge2 $11) 14... Ne4 $15 15. a3 Bxc3+ $1 16. bxc3 Bb5 17. Nd2 Nxd2 18. Qxd2 Qd7 19. f3 O-O-O 20. Kf2 f6 21. Bh2 f5 22. Rab1 g4 (22... a6 $17) 23. Bf4 g3+ 24. Ke1 Rb6 25. Rb4 ({Better is} 25. Qa2 $15) 25... a5 $17 26. Rb3 Qc6 27. Qb2 Qc4 28. a4 Qxa4 {[#] Hoping for ...Be2!} 29. Kd2 Qc4 {Strongly threatening ...a4.} 30. Rd1 $2 (30. Kc1 $17 {is the only way for White.}) 30... Re8 $19 ({Less strong is} 30... a4 31. Rb4 $17) 31. Qa3 $2 (31. Kc1) 31... Rc6 32. Rb2 (32. Qb2 $142 Ba4 {[%mdl 64] Skewer} 33. Rb1 Bxb3 34. Qxb3) 32... Qd3+ 33. Ke1 Rxe3+ {Accuracy: White = 27%, Black = 73%.} 0-1

[Event "World Team-ch Women 2019"]
[Site "Astana"]
[Date "2019.03.13"]
[Round "8.9"]
[White "Danielian, Elina"]
[Black "Khotenashvili, Bela"]
[Result "1-0"]
[WhiteElo "2402"]
[BlackElo "2474"]
[Annotator "TA"]
[PlyCount "79"]
[EventDate "2019.02.05"]
[EventType "team-tourn"]
[EventCountry "KAZ"]
[SourceTitle "playchess.com"]
[Source "ChessBase"]
[SourceQuality "1"]
[WhiteTeam "Armenia"]
[BlackTeam "Georgia"]
[WhiteTeamCountry "ARM"]
[BlackTeamCountry "GEO"]

{[%evp 10,79,31,10,31,30,37,35,35,44,43,47,48,39,42,43,95,86,102,92,92,81,98,87,95,100,105,100,86,80,120,97,104,33,99,4,28,7,25,0,37,0,0,0,118,89,85,91,269,161,199,135,128,127,128,108,214,68,109,102,229,220,223,218,740,740,740,727,29977,29978,29976,29977]} 1. d4 Nf6 2. c4 g6 3. g3 Bg7 4. Bg2 c5 5. Nf3 O-O 6. Nc3 cxd4 {E60: King's Indian: Unusual lines and Fianchetto Variation without Nc3} (6... d6 7. dxc5 dxc5 8. Qxd8 Rxd8 9. Ne5 Ne8 10. Nd3 Nd6 11. Bf4 Na6 12. Rc1 Bf5 13. O-O Bxd3 14. exd3 Nb4 15. Rfd1 Rac8 16. a3 Nc6 17. Bxd6 Rxd6 {½-½ (131) Vidit,S (2695)-Carlsen,M (2835) Wijk aan Zee 2019}) 7. Qxd4 Nc6 8. Qh4 d6 {White is slightly better.} 9. O-O Bg4 10. Rd1 Bxf3 $146 ({Predecessor:} 10... Qc8 11. Bg5 Bxf3 12. exf3 Re8 13. Bh3 Ne5 14. Bxc8 Nxf3+ 15. Kf1 Nxh4 16. Bxb7 {½-½ (30) Orendy,E-Dely,P Budapest 1961}) 11. exf3 Qb6 12. Rb1 Ne5 (12... Rad8 $14) 13. b3 $16 Rfc8 14. g4 Qa5 15. Bd2 Qd8 16. h3 a6 17. f4 Nc6 18. Rbc1 Rab8 19. Be3 Qe8 20. g5 Nd7 21. Nd5 (21. Ne4 $16) 21... Qd8 ({Black should try} 21... e6 $14 22. Nc3 Bxc3 23. Rxc3 Ne7) 22. Qg3 (22. Qg4 $1 $16) 22... e6 $11 23. Nc3 {Threatens to win with Ne4.} Ne7 $1 24. Be4 ({Much weaker is} 24. Rxd6 Nf5 $17) 24... Qc7 25. Ba7 Ra8 26. Bd4 e5 (26... Bxd4 $11 {keeps the balance.} 27. Rxd4 d5 28. cxd5 exd5) 27. fxe5 dxe5 28. Be3 $36 {[%mdl 2048] White is on the roll.} Rab8 $2 {[#]} (28... f5 $16) 29. Qf3 (29. Nb5 $142 $1 {[%cal Rb5c7][%mdl 512]} axb5 30. cxb5) 29... Nf8 30. Nd5 (30. h4 $1 $18) 30... Nxd5 $16 31. cxd5 Qd6 32. h4 Nd7 {[#]} (32... Rxc1 $16 33. Rxc1 Nd7) 33. Qh3 (33. Rc6 $1 $18 {[%cal Rc6d6][%mdl 512]} Qf8 (33... bxc6 34. dxc6) 34. Rxc8 Qxc8 35. d6) 33... Rxc1 34. Rxc1 f5 (34... Re8 $16 35. b4 f5) 35. gxf6 $1 $18 Nxf6 {[#]} 36. Bc5 $1 {[%cal Rc5d6]} Qd8 $2 (36... Qc7) 37. Qe6+ {[%mdl 64] Double Attack} Kh8 38. Be7 Nxe4 39. Bxd8 Rxd8 40. Rc8 {Accuracy: White = 54%, Black = 22%.} 1-0

[Event "World Team-ch Women 2019"]
[Site "Astana"]
[Date "2019.03.13"]
[Round "8.10"]
[White "Javakhishvili, Lela"]
[Black "Mkrtchian, Lilit"]
[Result "1/2-1/2"]
[WhiteElo "2455"]
[BlackElo "2390"]
[Annotator "TA"]
[PlyCount "64"]
[EventDate "2019.02.05"]
[EventType "team-tourn"]
[EventCountry "KAZ"]
[SourceTitle "playchess.com"]
[Source "ChessBase"]
[SourceQuality "1"]
[WhiteTeam "Georgia"]
[BlackTeam "Armenia"]
[WhiteTeamCountry "GEO"]
[BlackTeamCountry "ARM"]

{[%evp 14,64,12,24,14,29,20,17,21,19,21,20,20,22,22,22,24,19,20,23,26,2,5,0,10,12,9,0,0,0,0,0,0,0,0,0,0,0,0,0,0,0,0,0,0,0,0,0,0,0,0,0,0]} 1. d4 e6 2. c4 b6 3. e4 Bb4+ 4. Nc3 Bb7 5. f3 Ne7 6. Nge2 {A40: Unusual replies to 1 d4} (6. Bd3 e5 7. Nge2 exd4 8. Nxd4 Nbc6 9. Nde2 Ne5 10. a3 Bxc3+ 11. Nxc3 O-O 12. Bg5 f6 13. Bh4 N7g6 {½-½ (31) Wojtaszek,R (2733)-Meier,G (2628) Dortmund 2018 CBM 186 [Sadorra,J]}) 6... f5 7. a3 Bxc3+ 8. Nxc3 {LiveBook: 4 Games} O-O 9. Bg5 fxe4 10. fxe4 Nbc6 $146 ({Predecessor:} 10... h6 11. Bh4 Qe8 12. Be2 Nbc6 13. Bh5 g6 {1-0 (34) Castor,D (2125)-Wohl,A (2371) Melbourne 2014}) 11. d5 exd5 12. cxd5 Ne5 13. d6 cxd6 14. Qxd6 Nf7 15. Bc4 Kh8 $1 16. Bxf7 $1 Rxf7 17. O-O-O {[#] Black must now prevent Rhf1.} (17. Rf1 {looks sharper.} Rxf1+ 18. Kxf1 Qf8+ 19. Kg1 Ng6 20. Qd4) 17... Qf8 {The position is equal.} 18. Bxe7 ({Of course not} 18. Qxd7 Nd5 $17) 18... Qxe7 19. Qxe7 Rxe7 20. Rd6 Kg8 21. Rf1 Rf8 (21... Bxe4 {seems wilder.} 22. Re1 Rae8 23. Rxe4 Rxe4 24. Nxe4 Rxe4 25. Rxd7 Re2) 22. Rxf8+ Kxf8 23. Kd2 Bxe4 24. Nxe4 Rxe4 25. Rxd7 Re7 26. Rxe7 Kxe7 $11 {[%mdl 4096] Endgame KP-KP} 27. Ke3 Ke6 28. Ke4 g6 29. g3 Kd6 30. Kd4 Ke6 31. Ke4 Kd6 32. Kd4 Ke6 {Precision: White = 70%, Black = 86%.} 1/2-1/2